Upkar's jawahar navodya vidayalay entrance test for Class IX / (Record no. 133263)

MARC details
000 -LEADER
fixed length control field 00700nam a22002297a 4500
005 - DATE AND TIME OF LATEST TRANSACTION
control field 20170124110206.0
010 ## - LIBRARY OF CONGRESS CONTROL NUMBER
LC control number B-131401
020 ## - INTERNATIONAL STANDARD BOOK NUMBER
Terms of availability 140.00
035 ## - SYSTEM CONTROL NUMBER
System control number B-131401
037 ## - SOURCE OF ACQUISITION
Source of stock number/acquisition Cen Lib/Ret
040 ## - CATALOGING SOURCE
Original cataloging agency DPL
Language of cataloging EN
082 ## - DEWEY DECIMAL CLASSIFICATION NUMBER
Classification number 000
Item number LAL
100 ## - MAIN ENTRY--PERSONAL NAME
Personal name Lal
9 (RLIN) 72757
245 ## - TITLE STATEMENT
Title Upkar's jawahar navodya vidayalay entrance test for Class IX /
Statement of responsibility, etc by Lal [and] Jain
260 ## - PUBLICATION, DISTRIBUTION, ETC. (IMPRINT)
Place of publication, distribution, etc Agra
Name of publisher, distributor, etc Upkar Prakashan
Date of publication, distribution, etc 2006
270 ## - ADDRESS
Address 2/11A, sadeshi bima nagar
City Agra
Postal code 282002
300 ## - PHYSICAL DESCRIPTION
Extent various pagings
Dimensions 21cm(Hb)
650 ## - SUBJECT ADDED ENTRY--TOPICAL TERM
Topical term or geographic name as entry element Generalia
9 (RLIN) 3517
650 ## - SUBJECT ADDED ENTRY--TOPICAL TERM
Topical term or geographic name as entry element Exercises, qestion papers etc (school entrance exam)
9 (RLIN) 37395
700 ## - ADDED ENTRY--PERSONAL NAME
Personal name Jain
9 (RLIN) 474
942 ## - ADDED ENTRY ELEMENTS (KOHA)
Source of classification or shelving scheme Dewey Decimal Classification
Koha item type English Books
Classification part 000
Call number suffix LAL
Holdings
Withdrawn status Lost status Damaged status Not for loan Home library Current library Date acquired Source of acquisition Cost, normal purchase price Total Checkouts Full call number Barcode Date last seen Copy number Cost, replacement price Price effective from Koha item type
        Central Library Central Library 25/07/2015 Cen Lib/Ret 140.00   000 LAL B-131401 25/07/2015 1 140.00 25/07/2015 English Books

© Delhi Public Library
Hit Counter
free hit counter